000 00835nam a22002537a 4500
999 _c8034
_d8034
003 AR-CdUCM
008 190322b ||||| |||| 00| 0 spa d
020 _a978-9972-2974-3-4
040 _aMUNICIPALIDAD PROVINCIAL DEL CUSCO
_cBIBLIOTECA MUNICIPAL DEL CUSCO
082 _a634.609 /
_bS61
100 _aSmith, Nigel
_922702
245 _aFrutos del río Amazonas :
_bsabores para la conservación /
260 _aLima :
_bAmazon Conservation Association,
_c2007.
300 _a274 páginas ;
_bIlustraciones,
_c24 cm.
505 _aLas frutas del rió amazonas ...
650 _aFrutas tropicales
_922703
650 _aCultivos tropicales
_922704
650 _aBiodiversidad
_919327
650 _aAmazonia
_93433
700 _aVásquez, Rodolfo
_922705
700 _aWust, Walter H.
_922706
942 _2ddc
_cLIBROS
945 _aacv